=LDR 00000nam 2200000 4500 =001 INLIS000000000048744 =005 20170105153602.0 =006 =007 =008 =020 ##$$a 978-602-0885-45-8 =035 ##$$0010-011700000000025 =040 ##$$a NBPDMAT =082 ##$$a 650 . 1 =090 ##$$a 650 . 1 $b Fau s =100 ##$$a Fauziah rachmawati =245 ##$$a 10 kunci rezeki ala sahabat Rasulullah /$c Fauziah Rachmawati ; penyunting : Sri Noor Verawaty =260 ##$$a Jakarta : $b Bip, $c 2015 =300 ##$$a 1x, 271 hlm ; $c 21 cm. =500 ##$$a Bibliografi : hlm . 265- 268 =650 ##$$a Sukses dalam bisnis =700 ##$$a Sri Noor Verawati